000 00911nam a2200289Ia 4500
001 Para_7934
003 CHAP
008 220125s1916 xx 000 0 und d
010 _a206863
040 _cCHAP
082 _aPA-C 595.75 H4
100 _aComstock, John Henry
_926147
245 _aReports on scale insects /
_c by John Henry Comstock
260 _aIthaca, N.Y. :
_b Agricultural Experiment Station of the New York State College of Agriculture
300 _a82 p.
440 _aHemiptera; 9
_9172912
500 _aEncuadernado con otros impresos similares
650 _a
_x Hemípteros
_x colecciones de escritos
_x Coccidae
_9173213
710 _aNew York Agr. Exp. Sta. Bulletin; 372
_9173216
901 _aPA-C 595.75 H4
902 _aA
905 _a0000001916 a 0000000000 00
910 _a1916
942 _cPARA
942 _cPARA
_d1
999 _c206863
_d206863